LIBRARY & INFORMATION CENTRE, KCAET, TAVANUR

ONLINE PUBLIC ACCESS CATALOGUE (OPAC)

Three comedies / (Record no. 667)

MARC details
000 -LEADER
fixed length control field 00339cam a2200145ua 4500
041 ## - LANGUAGE CODE
Language code of text/sound track or separate title eng
082 ## - DEWEY DECIMAL CLASSIFICATION NUMBER
Classification number 822
Item number SPI/TH
100 ## - MAIN ENTRY--AUTHOR NAME
Personal name Spink, Reginald .
245 00 - TITLE STATEMENT
Title Three comedies /
260 ## - PUBLICATION, DISTRIBUTION, ETC. (IMPRINT)
Place of publication London :
Name of publisher Heinemann ,
Year of publication 1972.
300 ## - PHYSICAL DESCRIPTION
Number of Pages 91 ; .
942 ## - ADDED ENTRY ELEMENTS (KOHA)
Koha item type Books
Holdings
Withdrawn status Lost status Damaged status Home library Current library Date acquired Cost, normal purchase price Full call number Accession Number Koha item type Public note
Withdrawn     KAUAET Sanskrit University 07/04/2012 7.60 822 6726 Books Transferred to Sanskrit University
free website counter